Fr. Conceicao Rodrigues College of Engineering

SOMETHING TO THINK OF (Record no. 33503)

MARC details
000 -LEADER
fixed length control field 00328nam a2200157Ia 4500
082 ## - DEWEY DECIMAL CLASSIFICATION NUMBER
Classification number 170/MAU
Item number MAU
100 ## - MAIN ENTRY--PERSONAL NAME
Personal name MAURUS/J.
245 ## - TITLE STATEMENT
Title SOMETHING TO THINK OF
260 ## - PUBLICATION, DISTRIBUTION, ETC.
Name of publisher, distributor, etc. BETTER YOURSELF BOOK
Place of publication, distribution, etc. Bandra
Date of publication, distribution, etc. 1989
366 ## - TRADE AVAILABILITY INFORMATION
Publishers's discount category 25
300 ## - PHYSICAL DESCRIPTION
Extent 159
546 ## - LANGUAGE NOTE
Language note ENGLISH
650 ## - SUBJECT ADDED ENTRY--TOPICAL TERM
Topical term or geographic name entry element PHILOPSOPHY
942 ## - ADDED ENTRY ELEMENTS (KOHA)
Koha item type BOOK
Holdings
Withdrawn status Lost status Damaged status Not for loan Collection Home library Current library Date acquired Source of acquisition Cost, normal purchase price Inventory number Total Checkouts Full call number Barcode Date last seen Cost, replacement price Price effective from Koha item type
        CRC Fr. Agnel's C.Rodrigues College of Engineering Fr. Agnel's C.Rodrigues College of Engineering 17/03/2023 Better Yourself Books 10.00 1028/DT.04/09/2007   170/MAU MAU 17811 17/03/2023 35.00   BOOK